[Event "South Island Championships 2023"]
[Site "Oamaru, New Zealand"]
[Date "2023.09.27"]
[Round "2.10"]
[White "Gold, Hamish R"]
[Black "Christie, Richie"]
[Result "1/2-1/2"]
[TimeControl "90 + 30"]
[WhiteFideId "4301579"]
[BlackFideId "4307470"]
[WhiteElo "1758"]
[BlackElo "1927"]

1. e4 {[%clk 01:30:22]} {[%emt 00:00:37]} Nf6 {[%clk 01:30:56]} {[%emt
00:00:04]} 2. e5 {[%clk 01:28:20]} {[%emt 00:02:32]} Nd5 {[%clk 01:31:05]}
{[%emt 00:00:22]} 3. d4 {[%clk 01:26:55]} {[%emt 00:01:54]} d6 {[%clk
01:31:34]} {[%emt 00:00:02]} 4. c4 {[%clk 01:25:37]} {[%emt 00:01:48]} Nb6
{[%clk 01:32:02]} {[%emt 00:00:02]} 5. f4 {[%clk 01:25:14]} {[%emt 00:00:53]}
dxe5 {[%clk 01:32:28]} {[%emt 00:00:05]} 6. fxe5 {[%clk 01:25:01]} {[%emt
00:00:41]} c5 {[%clk 01:32:55]} {[%emt 00:00:04]} 7. d5 {[%clk 01:24:31]}
{[%emt 00:00:59]} e6 {[%clk 01:33:24]} {[%emt 00:00:02]} 8. Nc3 {[%clk
01:17:53]} {[%emt 00:07:08]} exd5 {[%clk 01:33:51]} {[%emt 00:00:03]} 9. cxd5
{[%clk 01:17:42]} {[%emt 00:00:40]} c4 {[%clk 01:34:20]} {[%emt 00:00:03]} 10.
Nf3 {[%clk 01:16:19]} {[%emt 00:01:51]} Bb4 {[%clk 01:34:48]} {[%emt 00:00:03]}
11. Bxc4 {[%clk 01:12:20]} {[%emt 00:04:29]} Bxc3+ {[%clk 01:35:14]} {[%emt
00:00:05]} 12. bxc3 {[%clk 01:12:34]} {[%emt 00:00:14]} Nxc4 {[%clk 01:35:40]}
{[%emt 00:00:05]} 13. Qa4+ {[%clk 01:12:34]} {[%emt 00:00:30]} Nd7 {[%clk
01:36:10]} 14. Qxc4 {[%clk 01:12:48]} {[%emt 00:00:15]} Nb6 {[%clk 01:36:29]}
{[%emt 00:00:11]} 15. Qb5+ {[%clk 01:11:17]} {[%emt 00:02:01]} Qd7 {[%clk
01:36:58]} {[%emt 00:00:02]} 16. Rb1 {[%clk 00:58:03]} {[%emt 00:13:43]} Nxd5
{[%clk 01:33:58]} {[%emt 00:03:30]} 17. Qxd7+ {[%clk 00:55:11]} {[%emt
00:03:22]} Bxd7 {[%clk 01:29:29]} {[%emt 00:05:00]} 18. c4 {[%clk 00:54:35]}
{[%emt 00:01:05]} Nb6 {[%clk 01:21:00]} {[%emt 00:09:00]} 19. c5 {[%clk
00:53:30]} {[%emt 00:01:33]} Na4 {[%clk 01:21:29]} {[%emt 00:00:02]} 20. Rxb7
{[%clk 00:52:42]} {[%emt 00:01:18]} Nxc5 {[%clk 01:21:46]} {[%emt 00:00:14]} 21.
Rc7 {[%clk 00:51:45]} {[%emt 00:01:26]} Ne6 {[%clk 01:18:18]} {[%emt 00:03:59]}
22. Rc3 {[%clk 00:47:20]} {[%emt 00:04:52]} O-O {[%clk 01:16:40]} {[%emt
00:02:12]} 23. O-O {[%clk 00:47:34]} {[%emt 00:00:15]} Rfc8 {[%clk 01:16:08]}
{[%emt 00:01:02]} 24. Bb2 {[%clk 00:42:03]} {[%emt 00:06:01]} Rxc3 {[%clk
01:11:19]} {[%emt 00:05:20]} 25. Bxc3 {[%clk 00:42:19]} {[%emt 00:00:13]} Rc8
{[%clk 01:11:45]} {[%emt 00:00:05]} 26. Bb4 {[%clk 00:42:05]} {[%emt 00:00:43]}
h6 {[%clk 01:09:53]} {[%emt 00:02:22]} 27. a3 {[%clk 00:41:13]} {[%emt
00:01:21]} Bb5 {[%clk 01:09:39]} {[%emt 00:00:45]} 28. Re1 {[%clk 00:39:51]}
{[%emt 00:01:50]} Rc2 {[%clk 01:08:44]} {[%emt 00:01:25]} 29. Rd1 {[%clk
00:31:15]} {[%emt 00:09:07]} Re2 {[%clk 00:47:30]} {[%emt 00:21:44]} 30. Rd2
{[%clk 00:30:06]} {[%emt 00:01:39]} Re4 {[%clk 00:42:36]} {[%emt 00:05:24]} 31.
Bd6 {[%clk 00:27:34]} {[%emt 00:03:02]} g5 {[%clk 00:38:22]} {[%emt 00:04:45]}
32. Rc2 {[%clk 00:24:52]} {[%emt 00:03:10]} g4 {[%clk 00:36:20]} {[%emt
00:02:33]} 33. Nh4 {[%clk 00:24:26]} {[%emt 00:00:55]} Rf4 {[%clk 00:23:06]}
{[%emt 00:13:46]} 34. Rf2 {[%clk 00:23:46]} {[%emt 00:01:08]} Rc4 {[%clk
00:22:59]} {[%emt 00:00:39]} 35. h3 {[%clk 00:21:43]} {[%emt 00:02:32]} g3
{[%clk 00:21:58]} {[%emt 00:01:32]} 36. Rf1 {[%clk 00:19:03]} {[%emt 00:03:09]}
Rxh4 {[%clk 00:22:10]} {[%emt 00:00:19]} 37. Rb1 {[%clk 00:19:25]} {[%emt
00:00:07]} a6 {[%clk 00:21:58]} {[%emt 00:00:44]} 38. Be7 {[%clk 00:19:04]}
{[%emt 00:00:50]} Rc4 {[%clk 00:20:43]} {[%emt 00:01:45]} 39. Rd1 {[%clk
00:19:04]} {[%emt 00:00:28]} Nd4 {[%clk 00:20:27]} {[%emt 00:00:47]} 40. Bf6
{[%clk 00:18:55]} {[%emt 00:00:39]} Ne2+ {[%clk 00:20:36]} {[%emt 00:00:22]} 41.
Kf1 {[%clk 00:18:41]} {[%emt 00:00:44]} Rc1 {[%clk 00:18:42]} {[%emt 00:02:26]}
42. Rxc1 {[%clk 00:18:45]} {[%emt 00:00:26]} Nxc1+ {[%clk 00:19:10]} {[%emt
00:00:01]} 43. Ke1 {[%clk 00:19:07]} {[%emt 00:00:08]} Nd3+ {[%clk 00:19:29]}
{[%emt 00:00:11]} 44. Kd2 {[%clk 00:19:25]} {[%emt 00:00:12]} Kh7 {[%clk
00:18:54]} {[%emt 00:01:05]} 45. a4 {[%clk 00:19:27]} {[%emt 00:00:29]} Bxa4
{[%clk 00:18:14]} {[%emt 00:01:10]} 46. Kxd3 {[%clk 00:19:36]} {[%emt
00:00:20]} Bc6 {[%clk 00:18:40]} {[%emt 00:00:04]} 47. Bh4 {[%clk 00:15:42]}
{[%emt 00:04:23]} Bxg2 {[%clk 00:18:46]} {[%emt 00:00:25]} 48. Bxg3 {[%clk
00:16:06]} {[%emt 00:00:06]} Bxh3 {[%clk 00:19:13]} {[%emt 00:00:03]} 49. Bh4
{[%clk 00:15:40]} {[%emt 00:00:55]} Kg6 {[%clk 00:19:03]} {[%emt 00:00:41]} 50.
Kd4 {[%clk 00:15:52]} {[%emt 00:00:18]} Kf5 {[%clk 00:19:23]} {[%emt 00:00:09]}
51. Bf6 {[%clk 00:16:02]} {[%emt 00:00:20]} h5 {[%clk 00:19:39]} {[%emt
00:00:15]} 52. Kd5 {[%clk 00:16:03]} {[%emt 00:00:29]} Bf1 {[%clk 00:19:26]}
{[%emt 00:00:43]} 53. Kd6 {[%clk 00:16:07]} {[%emt 00:00:26]} Bc4 {[%clk
00:18:08]} {[%emt 00:01:47]} 54. Kc5 {[%clk 00:16:21]} {[%emt 00:00:17]} Bb5
{[%clk 00:18:09]} {[%emt 00:00:29]} 55. Kd6 {[%clk 00:16:43]} {[%emt 00:00:08]}
Kg4 {[%clk 00:18:17]} {[%emt 00:00:22]} 56. e6 {[%clk 00:16:07]} {[%emt
00:01:05]} fxe6 {[%clk 00:18:37]} {[%emt 00:00:12]} 57. Kxe6 {[%clk 00:16:30]}
{[%emt 00:00:05]} a5 {[%clk 00:18:51]} {[%emt 00:00:17]} 58. Kd5 {[%clk
00:16:47]} {[%emt 00:00:13]} a4 {[%clk 00:18:50]} {[%emt 00:00:31]} 59. Kc5
{[%clk 00:17:07]} {[%emt 00:00:09]} Bd3 {[%clk 00:17:48]} {[%emt 00:01:32]} 60.
Kb4 {[%clk 00:17:25]} {[%emt 00:00:12]} Bc2 {[%clk 00:18:16]} {[%emt 00:00:01]}
61. Ka3 {[%clk 00:17:17]} {[%emt 00:00:38]} 1/2-1/2

[Event "South Island Championships 2023"]
[Site "Oamaru, New Zealand"]
[Date "2023.09.27"]
[Round "2.8"]
[White "Paulsen, Jens"]
[Black "Fairley, Natasha"]
[Result "1-0"]
[TimeControl "90 + 30"]
[WhiteFideId "4320476"]
[BlackFideId "4301439"]
[WhiteElo "2080"]
[BlackElo "1771"]

1. e4 {[%clk 01:30:56]} {[%emt 00:00:03]} e5 {[%clk 01:30:52]} {[%emt
00:00:10]} 2. Nf3 {[%clk 01:31:23]} {[%emt 00:00:03]} Nc6 {[%clk 01:31:08]}
{[%emt 00:00:14]} 3. Bb5 {[%clk 01:31:51]} {[%emt 00:00:01]} d6 {[%clk
01:30:43]} {[%emt 00:00:56]} 4. O-O {[%clk 01:32:15]} {[%emt 00:00:06]} Bg4
{[%clk 01:30:39]} {[%emt 00:00:34]} 5. c3 {[%clk 01:31:50]} {[%emt 00:00:56]}
Nf6 {[%clk 01:28:51]} {[%emt 00:02:17]} 6. Re1 {[%clk 01:24:17]} {[%emt
00:08:03]} a6 {[%clk 01:19:46]} {[%emt 00:09:35]} 7. Ba4 {[%clk 01:23:02]}
{[%emt 00:01:46]} Be7 {[%clk 01:17:45]} {[%emt 00:02:29]} 8. d3 {[%clk
01:13:03]} {[%emt 00:10:29]} O-O {[%clk 01:09:22]} {[%emt 00:08:53]} 9. Nbd2
{[%clk 01:13:06]} {[%emt 00:00:28]} Nd7 {[%clk 00:58:52]} {[%emt 00:11:00]} 10.
h3 {[%clk 01:12:08]} {[%emt 00:01:28]} Bh5 {[%clk 00:49:29]} {[%emt 00:09:51]}
11. Nf1 {[%clk 01:11:39]} {[%emt 00:01:00]} Nc5 {[%clk 00:47:20]} {[%emt
00:02:39]} 12. Bc2 {[%clk 01:11:42]} {[%emt 00:00:28]} Ne6 {[%clk 00:39:03]}
{[%emt 00:08:45]} 13. Ng3 {[%clk 01:08:30]} {[%emt 00:03:44]} Bxf3 {[%clk
00:36:58]} {[%emt 00:02:34]} 14. Qxf3 {[%clk 01:08:35]} {[%emt 00:00:25]} Bg5
{[%clk 00:36:34]} {[%emt 00:00:55]} 15. Be3 {[%clk 01:05:23]} {[%emt 00:03:41]}
g6 {[%clk 00:29:21]} {[%emt 00:07:43]} 16. Rad1 {[%clk 01:03:29]} {[%emt
00:02:25]} Bxe3 {[%clk 00:26:57]} {[%emt 00:02:54]} 17. fxe3 {[%clk 01:02:22]}
{[%emt 00:01:37]} Qg5 {[%clk 00:26:05]} {[%emt 00:01:21]} 18. Rf1 {[%clk
01:01:12]} {[%emt 00:01:40]} Rae8 {[%clk 00:23:21]} {[%emt 00:03:14]} 19. d4
{[%clk 01:00:16]} {[%emt 00:01:27]} Ncd8 {[%clk 00:21:49]} {[%emt 00:01:55]} 20.
Ne2 {[%clk 00:39:13]} {[%emt 00:21:39]} Qh4 {[%clk 00:18:40]} {[%emt 00:03:39]}
21. dxe5 {[%clk 00:31:42]} {[%emt 00:08:02]} dxe5 {[%clk 00:16:21]} {[%emt
00:02:48]} 22. Rd7 {[%clk 00:27:13]} {[%emt 00:04:59]} Re7 {[%clk 00:16:02]}
{[%emt 00:00:49]} 23. Rfd1 {[%clk 00:21:55]} {[%emt 00:05:48]} Rxd7 {[%clk
00:15:29]} {[%emt 00:01:03]} 24. Rxd7 {[%clk 00:22:24]} {[%emt 00:00:01]} Qe1+
{[%clk 00:09:33]} {[%emt 00:06:27]} 25. Qf1 {[%clk 00:18:46]} {[%emt 00:04:07]}
Qxf1+ {[%clk 00:09:31]} {[%emt 00:00:32]} 26. Kxf1 {[%clk 00:19:14]} {[%emt
00:00:02]} c6 {[%clk 00:09:23]} {[%emt 00:00:38]} 27. b4 {[%clk 00:17:01]}
{[%emt 00:02:44]} h5 {[%clk 00:08:14]} {[%emt 00:01:38]} 28. h4 {[%clk
00:16:11]} {[%emt 00:01:20]} Kg7 {[%clk 00:08:24]} {[%emt 00:00:20]} 29. Bb3
{[%clk 00:14:43]} {[%emt 00:01:58]} Re8 {[%clk 00:08:37]} {[%emt 00:00:16]} 30.
Bxe6 {[%clk 00:14:45]} {[%emt 00:00:30]} Nxe6 {[%clk 00:08:37]} {[%emt
00:00:30]} 31. Rxb7 {[%clk 00:15:07]} {[%emt 00:00:07]} c5 {[%clk 00:08:46]}
{[%emt 00:00:22]} 32. Rb6 {[%clk 00:13:21]} {[%emt 00:02:16]} Ra8 {[%clk
00:08:49]} {[%emt 00:00:26]} 33. Ke1 {[%clk 00:10:06]} {[%emt 00:03:45]} cxb4
{[%clk 00:09:10]} {[%emt 00:00:09]} 34. cxb4 {[%clk 00:10:22]} {[%emt
00:00:14]} a5 {[%clk 00:09:16]} {[%emt 00:00:25]} 35. b5 {[%clk 00:09:15]}
{[%emt 00:01:37]} Nc5 {[%clk 00:08:48]} {[%emt 00:00:58]} 36. Nc3 {[%clk
00:09:33]} {[%emt 00:00:12]} Rd8 {[%clk 00:08:06]} {[%emt 00:01:11]} 37. Rc6
{[%clk 00:07:36]} {[%emt 00:02:28]} Nd3+ {[%clk 00:07:55]} {[%emt 00:00:41]} 38.
Kf1 {[%clk 00:06:01]} {[%emt 00:02:05]} Nb4 {[%clk 00:06:33]} {[%emt 00:01:52]}
39. Rc7 {[%clk 00:06:11]} {[%emt 00:00:19]} Rd2 {[%clk 00:06:03]} {[%emt
00:00:59]} 40. b6 {[%clk 00:06:00]} {[%emt 00:00:43]} Rb2 {[%clk 00:05:10]}
{[%emt 00:01:23]} 41. a4 {[%clk 00:03:29]} {[%emt 00:03:01]} Na6 {[%clk
00:05:10]} {[%emt 00:00:30]} 42. Nb5 {[%clk 00:03:16]} {[%emt 00:00:42]} Nxc7
{[%clk 00:05:08]} {[%emt 00:00:33]} 43. bxc7 {[%clk 00:03:45]} Rc2 {[%clk
00:05:22]} {[%emt 00:00:15]} 44. Nd6 {[%clk 00:04:13]} {[%emt 00:00:02]} Kf8
{[%clk 00:02:35]} {[%emt 00:03:18]} 45. c8=Q+ {[%clk 00:04:35]} {[%emt
00:00:08]} Rxc8 {[%clk 00:03:00]} {[%emt 00:00:04]} 46. Nxc8 {[%clk 00:04:58]}
{[%emt 00:00:07]} Ke8 {[%clk 00:02:57]} {[%emt 00:00:33]} 47. Nd6+ {[%clk
00:05:27]} {[%emt 00:00:02]} Ke7 {[%clk 00:02:55]} {[%emt 00:00:32]} 48. Nc4
{[%clk 00:05:56]} {[%emt 00:00:01]} Ke6 {[%clk 00:03:16]} {[%emt 00:00:09]} 49.
Nxa5 {[%clk 00:06:23]} {[%emt 00:00:03]} f5 {[%clk 00:03:41]} {[%emt 00:00:05]}
50. exf5+ {[%clk 00:06:45]} {[%emt 00:00:08]} Kxf5 {[%clk 00:03:52]} {[%emt
00:00:17]} 51. Nc4 {[%clk 00:07:06]} {[%emt 00:00:11]} g5 {[%clk 00:04:14]}
{[%emt 00:00:07]} 52. a5 {[%clk 00:07:32]} {[%emt 00:00:05]} gxh4 {[%clk
00:04:37]} {[%emt 00:00:06]} 53. a6 {[%clk 00:07:57]} {[%emt 00:00:05]} Kg4
{[%clk 00:04:56]} {[%emt 00:00:11]} 54. Nxe5+ {[%clk 00:08:22]} {[%emt
00:00:05]} Kg3 {[%clk 00:05:16]} {[%emt 00:00:10]} 55. a7 {[%clk 00:08:47]}
{[%emt 00:00:07]} h3 {[%clk 00:05:42]} {[%emt 00:00:03]} 56. gxh3 {[%clk
00:08:42]} {[%emt 00:00:35]} 1-0

[Event "74th South Island Chess Championship"]
[Site "Oamaru NZL"]
[Date "2023.09.27"]
[Round "2.13"]
[White "Van Der Krogt, Adrian"]
[Black "Zhang, Kendrick Botong"]
[Result "0-1"]
[WhiteElo "1707"]
[BlackElo "2067"]

1. e4 c5 2. Nf3 e6 3. c4 Nc6 4. Nc3 Nge7 5. b3 d5 6. cxd5 exd5 7. exd5 Nxd5 8.
Bb2 Nf6 9. Bb5 Bd7 10. Qe2+ Be7 11. O-O O-O 12. Bxc6 Bxc6 13. Ne5 Bd5 14. Rad1
Be6 15. Rfe1 Nd7 16. Nxf7 Rxf7 17. Qxe6 Bf6 18. Na4 Bxb2 19. Nxb2 Qh4 20. Re2
Nf6 21. g3 Qd4 22. Qe5 Qg4 23. Qe6 Qg6 24. Qc4 b6 25. Nd3 Nd7 26. Rde1 Kh8 27.
Qd5 Raf8 28. Re8 Nf6 29. Rxf8+ Rxf8 30. Qd6 Re8 31. Rxe8+ Qxe8 32. Ne5 h6 33.
f3 Kh7 34. Kf2 Qh5 35. Qd3+ g6 36. Nc6 Qxh2+ 37. Kf1 Qxg3 38. Nxa7 h5 39. Ke2
h4 40. Qe3 Nd5 41. Qe4 Qg2+ 42. Kd1 Qg1+ 43. Ke2 Qg2+ 44. Kd1 Qg5 45. Qe6 Qg1+
46. Kc2 Nb4+ 47. Kb2 Qd4+ 48. Kb1 Kh6 49. Qe2 Qd3+ 50. Qxd3 Nxd3 51. Nc8 h3 52.
Nxb6 h2 53. a4 h1=Q+ 54. Kc2 Qxf3 55. a5 Nb4+ 56. Kb2 Qd3 57. Ka3 Nc2+ 58. Ka4
Nd4 59. b4 Qb3# 0-1

[Event "74th South Island Chess Championship"]
[Site "Oamaru NZL"]
[Date "2023.09.27"]
[Round "2.14"]
[White "Malcolm, Leo"]
[Black "Mischke, Andreas"]
[Result "1/2-1/2"]
[WhiteElo "1876"]
[BlackElo "1680"]

1. e4 d6 2. d4 Nf6 3. Nc3 e5 4. dxe5 dxe5 5. Qxd8+ Kxd8 6. Bc4 Ke8 7. Nf3 Bd6
8. a3 c6 9. Be3 h6 10. b4 Ke7 11. Nd2 Be6 12. Bxe6 Kxe6 13. Nc4 Bc7 14. f3 Nbd7
15. Ne2 a5 16. Kf2 b5 17. Nb2 Bb6 18. c4 Bxe3+ 19. Kxe3 axb4 20. axb4 bxc4 21.
Nxc4 Rxa1 22. Rxa1 Rb8 23. Ra6 Rxb4 {=} 24. Rxc6+ Ke7 25. Nc3 g6 26. Na5 Rb2
27. Ne2 1/2-1/2

[Event "74th South Island Chess Championship"]
[Site "Oamaru NZL"]
[Date "2023.09.27"]
[Round "2.15"]
[White "Bell, Daniel"]
[Black "Koentges, Thomas"]
[Result "1/2-1/2"]
[WhiteElo "1565"]
[BlackElo "1773"]

1. d4 f5 2. Bf4 Nf6 3. e3 e6 4. Nd2 d5 5. c4 Bd6 6. Bg5 c6 7. Ngf3 O-O 8. Ne5
Qe8 9. Bxf6 Rxf6 10. f4 Nd7 11. Ndf3 Bb4+ 12. Kf2 Bd6 13. Be2 Rh6 14. h3 Nxe5
15. Nxe5 Bxe5 16. fxe5 g5 17. g4 Qf7 18. Ke1 Qc7 19. Qa4 Bd7 20. c5 a6 21. b4
Rf8 22. Kd2 f4 23. exf4 Rxf4 24. Kc3 Be8 25. Raf1 Rxf1 26. Bxf1 Qf7 27. Qd1 Qf4
28. Bd3 Qe3 29. Qd2 Rxh3 30. Rxh3 Qxh3 31. Qxg5+ Bg6 32. Qd8+ Kg7 33. Qf6+ Kh6
34. Qf4+ 1/2-1/2

[Event "74th South Island Chess Championship"]
[Site "Oamaru NZL"]
[Date "2023.09.27"]
[Round "2.16"]
[White "Black, Ross"]
[Black "Keeling, Roy L"]
[Result "1/2-1/2"]
[WhiteElo "1724"]
[BlackElo "1540"]

1. e4 e6 2. Nf3 d5 3. exd5 exd5 4. Be2 Nf6 5. O-O Be7 6. d3 c6 7. Nbd2 Nbd7 8.
Nb3 O-O 9. Bf4 Re8 10. Qd2 Nc5 11. Rfe1 Bg4 12. h3 Bd7 13. Ne5 Ne6 14. Nxd7
Nxd7 15. Be3 Bf6 16. c3 Nef8 17. d4 Nb6 18. Qc2 Nc4 19. Bxc4 dxc4 20. Nd2 b5
21. Bf4 Ne6 22. Bg3 Qd7 23. Nf3 Ng5 24. Ne5 Qd5 25. Ng4 Ne4 26. Nxf6+ Nxf6 27.
f3 Re6 28. Rxe6 Qxe6 29. Re1 Qd7 30. Re5 Re8 31. Qe2 h6 32. Rxe8+ Qxe8 33.
Qxe8+ Nxe8 34. Kf2 Nf6 35. Ke3 Nd5+ 36. Ke4 f6 37. Bb8 a6 38. g4 Kf7 39. f4 g5
40. fxg5 1/2-1/2

[Event "74th South Island Chess Championship"]
[Site "Oamaru NZL"]
[Date "2023.09.27"]
[Round "2.17"]
[White "Liu, Richard Jingjie"]
[Black "Anikonov, Artem"]
[Result "1-0"]
[WhiteElo "1528"]
[BlackElo "1721"]

1. e4 e6 2. d4 d5 3. e5 c5 4. c3 Nc6 5. Nf3 Qb6 6. Bd3 c4 7. Be2 Bd7 8. O-O g6
9. Nfd2 Bg7 10. f4 Nge7 11. Nf3 O-O 12. Na3 a6 13. Nc2 Nf5 14. Rb1 Qc7 15. Ne3
Nxe3 16. Bxe3 Ne7 17. Qd2 Nf5 18. Bf2 h5 19. Nh4 Qd8 20. Nxf5 exf5 21. Qe1 f6
22. Bh4 Be6 23. Qg3 Qe8 24. exf6 Bxf6 25. Bxf6 Rxf6 26. Bxh5 Kf8 27. Bf3 Qf7
28. Rfe1 Re8 29. Re5 Qd7 30. Qg5 Kg7 31. Rbe1 Bf7 32. h4 Rfe6 33. h5 Rxe5 34.
fxe5 Qe7 35. Qxe7 Rxe7 36. hxg6 Bxg6 37. Bxd5 b5 38. Kf2 a5 39. a3 Bf7 40. Bxf7
Kxf7 41. Kf3 Ke6 42. Kf4 Rh7 43. Rg1 Rh2 44. Kg5 Rh8 45. g4 fxg4 46. Rxg4 Rh2
47. Rf4 Rg2+ 48. Kh6 Rxb2 49. Rf6+ Ke7 50. d5 Rd2 51. d6+ Kd7 52. Rf7+ Ke8 53.
Re7+ Kd8 54. Kg6 b4 55. axb4 axb4 56. cxb4 c3 57. Rc7 c2 58. Kf6 Rd4 59. Rxc2
Rxb4 60. Ke6 Rb7 61. Rh2 1-0

[Event "74th South Island Chess Championship"]
[Site "Oamaru NZL"]
[Date "2023.09.27"]
[Round "2.18"]
[White "Ashe, Michael"]
[Black "Patel, Akash"]
[Result "1/2-1/2"]
[WhiteElo "1707"]
[BlackElo "1484"]

1. d4 Nf6 2. c4 e6 3. Nc3 d5 4. cxd5 exd5 5. Bg5 Bb4 6. e3 O-O 7. Bd3 Qd6 8.
Ne2 Bg4 9. O-O Bxc3 10. bxc3 Nbd7 11. Qc2 Bh5 12. Bh4 Bg6 13. Bxg6 fxg6 14. c4
c6 15. c5 Qe6 16. Rab1 Qg4 17. Bg3 b5 18. cxb6 axb6 19. h3 Qe4 20. Qxe4 Nxe4
21. Ra1 Ra6 22. Rfc1 c5 23. dxc5 Ndxc5 24. Rd1 Rfa8 25. Rxd5 Rxa2 26. Rxa2 Rxa2
27. Nd4 Nxg3 28. fxg3 Ne4 29. g4 Ra1+ 30. Kh2 h5 31. gxh5 gxh5 32. Rxh5 Ra5 33.
Rh4 Re5 34. Nf3 Re7 35. Rh5 Nf6 36. Rb5 Nd7 37. Rb3 Re6 38. Nd4 Re4 39. Ne2 Re6
40. Nf4 Re5 41. Ng6 Re6 42. Nf4 1/2-1/2

[Event "74th South Island Chess Championship"]
[Site "Oamaru NZL"]
[Date "2023.09.27"]
[Round "2.19"]
[White "McConnell, Jack"]
[Black "Blair, Rowan"]
[Result "1-0"]
[WhiteElo "1640"]
[BlackElo "1436"]

1. e4 e5 2. Nf3 Nc6 3. Bc4 Bc5 4. c3 d6 5. d4 exd4 6. cxd4 Bb4+ 7. Bd2 Nf6 8.
Bxb4 Nxb4 9. Qa4+ Nc6 10. d5 Bd7 11. dxc6 Bxc6 12. Bb5 Qd7 13. Bxc6 Qxc6 14.
Qxc6+ bxc6 15. Nc3 O-O 16. O-O d5 17. Rfe1 Rfe8 18. exd5 cxd5 19. Rxe8+ Rxe8
20. Re1 Ne4 21. Nxd5 c6 22. Nc3 f5 23. Ng5 Rb8 24. Ngxe4 fxe4 25. b3 Rd8 26.
Nxe4 Re8 27. Nf6+ gxf6 28. Rxe8+ Kf7 29. Rc8 Kg7 30. Rxc6 a5 31. Rc5 Kg6 32.
Rxa5 h5 33. b4 Kf7 34. b5 Ke8 35. b6 Kd8 36. Rc5 Ke7 37. b7 Kf7 38. b8=Q Kg6
39. Qg8+ Kh6 40. h4 f5 41. Rc6# 1-0

[Event "74th South Island Chess Championship"]
[Site "Oamaru NZL"]
[Date "2023.09.27"]
[Round "2.20"]
[White "McLean, Gary"]
[Black "Tao, Junqing Jerome"]
[Result "0-1"]
[WhiteElo "1449"]
[BlackElo "1634"]

1. d3 e5 2. Nf3 Nc6 3. c3 d5 4. Nbd2 Nf6 5. e4 dxe4 6. dxe4 Bc5 7. Be2 O-O 8.
O-O Be6 9. b4 Bd6 10. Qc2 a6 11. a4 Re8 12. Bb2 Bg4 13. Rfe1 Bh5 14. Bc4 Bg6
15. Qb3 Qd7 16. Nh4 Qg4 17. Nxg6 Qxg6 18. h3 Rad8 19. Qc2 Nh5 20. Re3 Be7 21.
Rf3 Rf8 22. Nf1 Bh4 23. Bc1 Rd6 24. Kh1 Rf6 25. Rxf6 Bxf6 26. Be2 Nf4 27. Bxf4
exf4 28. Nh2 Nxb4 29. Qd2 Qxe4 30. Rc1 Rd8 31. Qe1 Na2 32. f3 Qe3 33. Rc2 Nxc3
34. Nf1 Qe6 35. Nh2 Rd1 0-1

[Event "74th South Island Chess Championship"]
[Site "Oamaru NZL"]
[Date "2023.09.27"]
[Round "2.21"]
[White "Wilson, Dion A"]
[Black "Rowe, Abigail"]
[Result "1-0"]
[WhiteElo "1611"]
[BlackElo "1412"]

1. e4 e6 2. d4 b6 3. c4 Bb7 4. Nc3 Bb4 5. Bd3 Nf6 6. Qe2 d6 7. Bg5 h6 8. Bh4 e5
9. Nf3 Nbd7 10. a3 Bxc3+ 11. bxc3 Qe7 12. Nd2 a5 13. f3 g5 14. Bf2 Nf8 15. Nf1
Ng6 16. g3 h5 17. Ne3 h4 18. Nf5 Qd8 19. Kd2 Bc8 20. Rab1 hxg3 21. hxg3 Kd7 22.
c5 Kc6 23. cxb6 cxb6 24. d5+ Kd7 25. Bxb6 Qg8 26. Bb5# 1-0

[Event "74th South Island Chess Championship"]
[Site "Oamaru NZL"]
[Date "2023.09.27"]
[Round "2.22"]
[White "Gudoy, Paul"]
[Black "Loos, Rick"]
[Result "0-1"]
[WhiteElo "1382"]
[BlackElo "1602"]

1. d4 Nf6 2. e3 g6 3. Bd3 Bg7 4. f4 d6 5. Nf3 O-O 6. O-O Bg4 7. h3 Bxf3 8. Qxf3
c6 9. b3 d5 10. Nd2 Nbd7 11. Bb2 Rc8 12. Rfe1 Ne8 13. Qe2 f5 14. Nf3 Ndf6 15.
Ne5 Nd6 16. c4 Nde4 17. Kh2 Nh5 18. Bxe4 fxe4 19. Bc3 a5 20. c5 e6 21. a4 Ra8
22. Qg4 Qe8 23. Qe2 Qe7 24. g4 Nf6 25. Qd2 Qc7 26. h4 Nd7 27. Nxd7 Qxd7 28.
Bxa5 e5 29. Kg3 exd4 30. exd4 Bxd4 31. Qxd4 Rxa5 32. Rxe4 Rxc5 33. b4 Rc4 34.
Rd1 Rxd4 35. Rdxd4 Re8 36. Rxe8+ Qxe8 37. Kf3 Qe1 38. Rd3 Qe4+ 39. Kf2 Qxd3 40.
b5 cxb5 41. axb5 Qxb5 42. Ke3 Qc4 43. Kd2 b5 44. h5 Qxf4+ 45. Kc3 Qxg4 46. Kb3
Qc4+ 47. Kb2 d4 48. hxg6 hxg6 49. Ka1 d3 50. Kb2 d2 51. Kb1 d1=Q+ 52. Kb2 Qcb3#
0-1

[Event "74th South Island Chess Championship"]
[Site "Oamaru NZL"]
[Date "2023.09.27"]
[Round "2.23"]
[White "Clarkson, Robert D"]
[Black "Frith, Hunter"]
[Result "1-0"]
[WhiteElo "1568"]
[BlackElo "1343"]

1. d4 d5 2. Nf3 Nf6 3. e3 Nc6 4. Nbd2 Bf5 5. c3 e6 6. Be2 Bd6 7. Qb3 Na5 8.
Qa4+ Nc6 9. Ne5 Be4 10. Nxc6 bxc6 11. Qxc6+ Nd7 12. Nxe4 dxe4 13. Qxe4 O-O 14.
Bf3 Nb6 15. Be2 Nd7 16. Bd3 Nf6 17. Qf3 e5 18. dxe5 Bxe5 19. Bc2 Qd5 20. e4 Qc6
21. O-O Rae8 22. Re1 Re6 23. Bb3 Bxh2+ 24. Kxh2 Nxe4 25. Bxe6 Ng5 26. Qxc6 Nxe6
27. Be3 Rb8 28. Bxa7 Rxb2 29. Qa8+ Nf8 30. Bc5 1-0

[Event "74th South Island Chess Championship"]
[Site "Oamaru NZL"]
[Date "2023.09.27"]
[Round "2.24"]
[White "Coleman, Samantha"]
[Black "Barry, Jacob"]
[Result "0-1"]
[WhiteElo "1305"]
[BlackElo "1565"]

1. e4 e5 2. Nf3 Nc6 3. Bc4 Bc5 4. c3 Nf6 5. d3 O-O 6. b4 Bb6 7. Qb3 h6 8. b5
Na5 9. Qb4 Nxc4 10. dxc4 Nxe4 11. c5 Nxc5 12. O-O Nd3 13. Qg4 Nxc1 14. Rxc1 Qf6
15. Nbd2 d5 16. Qg3 e4 17. Ne5 Bxf2+ 18. Qxf2 Qxe5 19. Re1 Qxc3 20. h3 f5 21.
Nb3 f4 22. Qh4 f3 23. gxf3 Rxf3 24. Re2 Rg3+ 25. Kh2 Rxh3+ 0-1

[Event "74th South Island Chess Championship"]
[Site "Oamaru NZL"]
[Date "2023.09.27"]
[Round "2.25"]
[White "Bradford, Mitchell"]
[Black "Holdo, Karl"]
[Result "0-1"]
[WhiteElo "1132"]
[BlackElo "1551"]

1. e4 c5 2. Nf3 d6 3. Bb5+ Nd7 4. d4 cxd4 5. Nxd4 Nf6 6. Nc3 g6 7. O-O Bg7 8.
Nf3 O-O 9. a4 a6 10. Bc4 Qc7 11. b3 e6 12. Bf4 Ne8 13. Qd2 Nb6 14. Qd3 Nxc4 15.
bxc4 b6 16. Rad1 Bb7 17. Qe3 Qxc4 18. Nd2 Qxc3 19. Qe2 Rc8 20. Nb1 Qc6 21. Bc1
Qxe4 22. Rfe1 Qxg2# 0-1